Adiciones á las poesías de D. Francisco de Rioja, en su edicion de Madrid, año 1867 / (Record no. 151684)

MARC details
000 -LEADER
campo de control de longitud fija 00983nam a2200229 i 4500
001 - NÚMERO DE CONTROL
campo de control 151684
003 - IDENTIFICADOR DE NÚMERO DE CONTROL
campo de control ES-MaACL
005 - FECHA Y HORA DE LA ÚLTIMA TRANSACCIÓN
campo de control 20251005063118.0
008 - DATOS DE LONGITUD FIJA--INFORMACIÓN GENERAL
campo de control de longitud fija 990917s1872 sp |||| | spa d
040 ## - FUENTE DE CATALOGACIÓN
Centro catalogador/agencia de origen CCPB | B
Lengua de catalogación spa
Centro/agencia transcriptor CCPB | B
080 ## - NÚMERO DE LA CLASIFICACIÓN DECIMAL UNIVERSAL
Número de la Clasificación Decimal Universal 821.134.2-14"16"
100 1# - ENTRADA PRINCIPAL--NOMBRE DE PERSONA
Nombre de persona Rioja, Francisco de,
Fechas asociadas al nombre 1583-1659
9 (RLIN) 151799
245 10 - MENCIÓN DEL TÍTULO
Título Adiciones á las poesías de D. Francisco de Rioja, en su edicion de Madrid, año 1867 /
Mención de responsabilidad, etc. por el ilustrador de ella, Cayetano Alberto de la Barrera y Leirado.
260 ## - PUBLICACIÓN, DISTRIBUCIÓN, ETC.
Lugar de publicación, distribución, etc. Sevilla :
Nombre del editor, distribuidor, etc. Imprenta y Librería Española y Extrangera de D. Rafael Tarascó y Lassa,
Fecha de publicación, distribución, etc. 1872.
300 ## - DESCRIPCIÓN FÍSICA
Extensión XVI, 55, [12] p. ;
Dimensiones 23 cm.
490 1# - MENCIÓN DE SERIE
Mención de serie Sociedad de Bibliófilos Andaluces. Primera serie
500 #1 - NOTA GENERAL
Nota general Tirada de 300 ejemplares.
700 0# - ENTRADA AGREGADA--NOMBRE PERSONAL
Nombre de persona Barrera y Leirado, Cayetano Alberto de la.
9 (RLIN) 25934
830 0# - PUNTO DE ACCESO ADICIONAL DE SERIE-TÍTULO UNIFORME
Título uniforme Sociedad de Bibliófilos Andaluces. Primera serie
9 (RLIN) 182018
852 ## - LOCALIZACIÓN
Ubicación ES-MaACL
Número de control de estantería B-5542(2)
Nota libre -- Enc. hol.
Holdings
Estatus retirado Estado de pérdida Estado de daño No para préstamo Colección Biblioteca de origen Biblioteca actual Ubicación en estantería Fecha de adquisición Fuente de adquisición Total de préstamos Signatura topográfica completa Código de barras Visto por última vez Precio de reemplazo Tipo de ítem Koha
        Libros del s. XIX Biblioteca del Ateneo de Madrid Biblioteca del Ateneo de Madrid Sala Pardo Bazán 17/01/2008     B-5542(2) 1158307 23/02/2023 23/02/2023 Libro impreso antiguo